000 00482nam a22001817a 4500
003 NUST - PNEC
005 20170116180907.0
008 150902b xxu||||| |||| 00| 0 eng d
020 _a812970028X
040 _cLIBRARY
082 _a610.28 CRO
100 _96807
_aCromwell, Leslie
245 _aBiomedical instrumentation & measurements
_cLeslie Cromwell
250 _a2nd ed.
260 _cc.1980
650 _96810
_aMedical Instrumentation
_xGeneral Book
942 _2ddc
_cBK
999 _c65162
_d65162